Correct The Spelling - Countries - Statistics

General Stats
  • This quiz has been taken 168 times
  • The average score is 13 of 15
Answer Stats
Hint Answer % Correct
Albenia Albania
98%
Aphganisthan Afghanistan
96%
Unated States United States
95%
Graes Greece
94%
Australiah Australia
93%
Mugtenagro Montenegro
93%
Thunishia Tunisia
92%
Atsria Austria
90%
Iterly Italy
89%
Manoco Monaco
89%
Sumoa Samoa
86%
Ghubon Gabon
84%
Polau Palau
74%
Honga Tonga
74%
Lesoto Lesotho
70%
No matching quizzes found
Score Distribution
Percent of People with Each Score
Percentile by Number Answered
Your Score History
You have not taken this quiz